| 000 | 00799nam a2200265 a 4500 | ||
|---|---|---|---|
| 001 | 6382 | ||
| 003 | BD-RjUL | ||
| 005 | 20211208234232.0 | ||
| 008 | 14 t1950 nyu b 001 0 eng | ||
| 035 | _a(BD-RjUL)6422 | ||
| 035 | _a(BD-RjUL) | ||
| 040 |
_aANL _beng _cANL _dANL _dBD-RjUL |
||
| 041 | _aeng | ||
| 082 | 0 | 4 |
_a332.401 _216 _bMIM 1950 |
| 100 | 1 |
_aMints, Lloyd W. _q(Lloyd Wynn), _d1888- _911677 |
|
| 245 | 1 | 0 |
_aMonetary policy for a competitive society / _cby Lloyd W. Mints. |
| 250 | _a1st ed. | ||
| 260 |
_aNew York : _bMcGraw-Hill, _c1950. |
||
| 300 |
_aix, 236 p. : _bill. ; _c24 cm. |
||
| 504 | _aIncludes Bibliographical reference and index. | ||
| 650 | 0 |
_aCurrency question. _920109 |
|
| 650 | 0 |
_aCurrency question _zUnited States. _910098 |
|
| 942 |
_2ddc _cBK |
||
| 999 |
_c6382 _d6382 |
||